[Event "Skopje Karposh op"]
[Site "Skopje"]
[Date "2016.04.06"]
[Round "8"]
[White "Brkic, Ante"]
[Black "Vojinovic, Goran"]
[Result "1-0"]
[WhiteElo "2598"]
[BlackElo "2449"]
[PlyCount "73"]
[EventDate "2016.04.01"]
[EventType "swiss"]
[EventRounds "9"]
[EventCountry "MKD"]
[SourceTitle "EXT 2017"]
[Source "ChessBase"]
[SourceDate "2016.10.25"]
[SourceVersion "1"]
[SourceVersionDate "2016.10.25"]
[SourceQuality "1"]

1. e4 e6 2. d4 d5 3. Nc3 dxe4 4. Nxe4 Nd7 5. Nf3 Ngf6 6. Bd3 Nxe4 7. Bxe4 Nf6 8. Bg5 Be7 9. Bd3 0-0 10. Qe2 c5 11. dxc5 Qa5+ 12. c3 Qxc5 13. 0-0-0 a5 14. h4 a4 15. a3 Ra5 16. Kb1 Qc7 17. Bc2 b6 18. Rd4 Ba6 19. Qd2 Bc4 20. Bxf6 Bxf6 21. Rd7 Qc5 22. Ng5 Bxg5 23. hxg5 g6 24. Qf4 Bb3 25. Qh4 Bxc2+ 26. Kxc2 Qf5+ 27. Rd3 h5 28. gxh6 Rd5 29. Rhh3 g5 30. h7+ Kh8 31. Qh6 Rfd8 32. Rhf3 Qg6 33. Qxg6 fxg6 34. Rxd5 Rxd5 35. Re3 Rf5 36. f3 g4 37. Rxe6 1-0

[Event "Skopje Karposh op"]
[Site "Skopje"]
[Date "2016.04.05"]
[Round "7"]
[White "Vojinovic, Goran"]
[Black "Djukic, Nikola"]
[Result "1/2-1/2"]
[WhiteElo "2449"]
[BlackElo "2566"]
[PlyCount "88"]
[EventDate "2016.04.01"]
[EventType "swiss"]
[EventRounds "9"]
[EventCountry "MKD"]
[SourceTitle "CBM 171 Extra"]
[Source "ChessBase"]
[SourceDate "2016.04.26"]
[SourceVersion "1"]
[SourceVersionDate "2016.04.26"]
[SourceQuality "1"]

1. d4 Nf6 2. Nc3 d5 3. Bf4 c6 4. e3 Nbd7 5. h3 b5 6. Nf3 b4 7. Na4 e6 8. Be2 Be7 9. 0-0 0-0 10. Ne5 Nxe5 11. Bxe5 Nd7 12. Bg3 Qa5 13. b3 c5 14. dxc5 Nxc5 15. Nxc5 Qxc5 16. Be5 f6 17. Bb2 Bb7 18. Bd3 e5 19. Qd2 Qb6 20. a3 a5 21. axb4 axb4 22. Rxa8 Rxa8 23. Ra1 Rc8 24. Bf1 Bd6 25. Qd1 f5 26. Ra2 Bb8 27. Bc1 Bd6 28. Qd3 g6 29. Qb5 Qxb5 30. Bxb5 Kf7 31. Bd2 Ke6 32. Kf1 g5 33. Be2 Bc5 34. Ra4 Bc6 35. Ra5 Kd6 36. c3 Rb8 37. c4 dxc4 38. Bxc4 f4 39. Ra6 Kc7 40. Ra5 Kd6 41. Ra6 Kc7 42. Ra5 Kb6 43. Ra6+ Kb7 44. Ra5 Kb6 1/2-1/2

[Event "Columbus Cardinal op"]
[Site "Columbus"]
[Date "2016.01.31"]
[Round "4"]
[White "Liang, Awonder"]
[Black "Vojinovic, Goran"]
[Result "1/2-1/2"]
[WhiteElo "2392"]
[BlackElo "2450"]
[PlyCount "109"]
[EventDate "2016.01.29"]
[EventType "swiss"]
[EventRounds "5"]
[EventCountry "USA"]
[SourceTitle "EXT 2023"]
[Source "ChessBase"]
[SourceDate "2022.10.05"]
[SourceVersion "1"]
[SourceVersionDate "2022.10.05"]
[SourceQuality "1"]

1. e4 d5 2. exd5 Qxd5 3. Nc3 Qa5 4. d4 Nf6 5. Nf3 c6 6. Bc4 Bg4 7. Bd2 e6 8. h3 Bh5 9. Nd5 Qd8 10. Nxf6+ gxf6 11. Be3 Nd7 12. Be2 Nb6 13. c4 Bxf3 14. gxf3 Bb4+ 15. Bd2 Qe7 16. a3 Bxd2+ 17. Qxd2 0-0-0 18. 0-0-0 f5 19. Qa5 Kb8 20. Qe5+ Ka8 21. f4 Qh4 22. Qe3 Nc8 23. Qg3 Qh6 24. Qg5 Qf8 25. Rhg1 Ne7 26. Kb1 Rg8 27. Qf6 Rg6 28. Rxg6 Nxg6 29. d5 cxd5 30. cxd5 exd5 31. Qxf5 d4 32. Rc1 Kb8 33. Bc4 f6 34. Bd3 a6 35. Qh5 Qe7 36. Qg4 Qd6 37. Qh5 Nf8 38. Qf5 Rd7 39. Re1 Rd8 40. h4 Ng6 41. h5 Nxf4 42. Qxh7 Nxd3 43. Qxd3 Qd5 44. h6 Qh5 45. Re7 Qh1+ 46. Ka2 Qd5+ 47. Qb3 Qxb3+ 48. Kxb3 d3 49. Re1 d2 50. Rd1 Rh8 51. Rxd2 Rxh6 52. Kc4 Kc7 53. Kd5 Kd7 54. Kc5+ Kc7 55. Kd5 1/2-1/2

[Event "Kings Island op 24th"]
[Site "Blue Ash"]
[Date "2015.11.14"]
[Round "3"]
[White "Lenderman, Aleksandr"]
[Black "Vojinovic, Goran"]
[Result "1/2-1/2"]
[WhiteElo "2627"]
[BlackElo "2445"]
[PlyCount "157"]
[EventDate "2015.11.13"]
[EventType "swiss"]
[EventRounds "5"]
[EventCountry "USA"]
[SourceTitle "CBM 169 Extra"]
[Source "ChessBase"]
[SourceDate "2015.12.18"]
[SourceVersion "1"]
[SourceVersionDate "2015.12.18"]
[SourceQuality "1"]

1. d4 e6 2. c4 f5 3. g3 Nf6 4. Bg2 d5 5. Qc2 c6 6. Nh3 Bd6 7. 0-0 0-0 8. Rd1 Nh5 9. b3 Nd7 10. Ba3 Bxa3 11. Nxa3 g5 12. Qd2 h6 13. f3 Qe7 14. Nc2 Nb6 15. cxd5 exd5 16. f4 gxf4 17. Nxf4 Nxf4 18. Qxf4 Rf6 19. e3 Be6 20. Ne1 Nc8 21. Nd3 Nd6 22. Rf1 Raf8 23. Rac1 Bc8 24. Rfe1 Re6 25. Rc2 Kg7 26. Rce2 Nf7 27. Qf1 Nh8 28. b4 Qg5 29. Nf4 Rd6 30. Rc2 a6 31. a4 Re8 32. b5 axb5 33. axb5 Ng6 34. bxc6 bxc6 35. Qf2 Qd8 36. Nd3 Rde6 37. Nc5 R6e7 38. Bf3 f4 39. gxf4 Bf5 40. Rce2 Kh7 41. Kh1 Rg7 42. Bh5 Reg8 43. Rg1 Qe7 44. Bg4 Nh4 45. Bxf5+ Nxf5 46. Rxg7+ Rxg7 47. Re1 Qe8 48. e4 dxe4 49. Nxe4 Qd8 50. Qf3 Nxd4 51. Qh5 Qd5 52. Qxd5 cxd5 53. Nf6+ Kg6 54. Nxd5 Ra7 55. Ne3 Ra2 56. Rg1+ Kf6 57. Rf1 h5 58. Kg1 Rc2 59. Ng2 Kf5 60. h3 Ra2 61. Nh4+ Kf6 62. Rf2 Ra4 63. Kh2 Ra3 64. Kg2 Nf5 65. Nf3 Ne3+ 66. Kg3 Nf5+ 67. Kh2 Ne3 68. Nh4 Nf5 69. Nf3 Ne3 70. Ng1 Kf5 71. Ne2 h4 72. Nd4+ Ke4 73. Nb5 Rd3 74. Nc7 Rd2 75. Rxd2 Nf1+ 76. Kg2 Nxd2 77. Ne6 Kf5 78. Nf8 Kxf4 79. Ng6+ 1/2-1/2

[Event "SRB-chT"]
[Site "Palic"]
[Date "2014.09.07"]
[Round "9.1"]
[White "Vojinovic, Goran"]
[Black "Ivanisevic, Ivan"]
[Result "0-1"]
[WhiteElo "2466"]
[BlackElo "2613"]
[PlyCount "58"]
[EventDate "2014.08.30"]
[EventType "team-tourn"]
[EventRounds "11"]
[EventCountry "SRB"]
[SourceTitle "CBM 162 Extra"]
[Source "ChessBase"]
[SourceDate "2014.10.17"]
[SourceVersion "1"]
[SourceVersionDate "2014.10.17"]
[SourceQuality "1"]
[WhiteTeam "Smederevska Palanka"]
[BlackTeam "Kragujevac"]
[WhiteTeamCountry "SRB"]
[BlackTeamCountry "SRB"]

1. d4 Nf6 2. Nc3 d5 3. Bf4 g6 4. Qd2 c5 5. dxc5 Nc6 6. Nf3 Bg7 7. 0-0-0 0-0 8. Bh6 Qa5 9. Bxg7 Kxg7 10. e3 Bg4 11. Bb5 e5 12. Bxc6 bxc6 13. Nxe5 Bxd1 14. Qd4 Bh5 15. g4 Bxg4 16. Nxg4 Qd8 17. Rg1 Re8 18. f4 h5 19. Ne5 Qc7 20. e4 dxe4 21. Nxe4 Nxe4 22. Qxe4 Re6 23. a3 Rae8 24. b4 Qe7 25. Rg5 a5 26. Qc4 axb4 27. axb4 Kh7 28. Qe4 Qa7 29. Kb1 Qa3 0-1

[Event "SRB-chT"]
[Site "Palic"]
[Date "2014.09.04"]
[Round "6.1"]
[White "Solomunovic, Igor"]
[Black "Vojinovic, Goran"]
[Result "1-0"]
[WhiteElo "2448"]
[BlackElo "2466"]
[PlyCount "107"]
[EventDate "2014.08.30"]
[EventType "team-tourn"]
[EventRounds "11"]
[EventCountry "SRB"]
[SourceTitle "CBM 162 Extra"]
[Source "ChessBase"]
[SourceDate "2014.10.17"]
[SourceVersion "1"]
[SourceVersionDate "2014.10.17"]
[SourceQuality "1"]
[WhiteTeam "Gornji Milanovac Metalac"]
[BlackTeam "Smederevska Palanka"]
[WhiteTeamCountry "SRB"]
[BlackTeamCountry "SRB"]

1. e4 e6 2. d4 d5 3. Nd2 Ne7 4. Ngf3 g6 5. c3 Bg7 6. Bd3 Nd7 7. 0-0 0-0 8. Re1 c5 9. e5 Nc6 10. Nf1 cxd4 11. cxd4 f6 12. exf6 Qxf6 13. Bg5 Qf7 14. Be3 e5 15. Ng5 Qe7 16. Qb3 Nb6 17. dxe5 Nxe5 18. Be4 Kh8 19. Bxd5 Nxd5 20. Qxd5 Rd8 21. Qe4 Bf5 22. Qh4 h6 23. Ng3 Bd3 24. Qh3 Qd7 25. Qxd7 Rxd7 26. Ne6 Bf6 27. Rad1 Bc4 28. Ne4 Rxd1 29. Rxd1 Bxe6 30. Nxf6 Bxa2 31. Bxh6 Nf7 32. Be3 a5 33. h4 b5 34. Rd7 b4 35. Rb7 Kg7 36. Nd7 Bd5 37. Rb6 Rd8 38. Nc5 Rd6 39. Rb5 Bc4 40. Rxa5 Ne5 41. Ra7+ Kg8 42. f3 Rd1+ 43. Kh2 Re1 44. Bd4 Nc6 45. Rg7+ Kf8 46. Nd7+ Ke8 47. Nf6+ Kf8 48. Rc7 Nxd4 49. Rxc4 Nf5 50. Rxb4 Re2 51. Kh3 Rc2 52. h5 Kf7 53. Nd5 gxh5 54. Rf4 1-0

[Event "SRB-chT"]
[Site "Palic"]
[Date "2014.08.31"]
[Round "2.1"]
[White "Markus, Robert"]
[Black "Vojinovic, Goran"]
[Result "1/2-1/2"]
[WhiteElo "2602"]
[BlackElo "2466"]
[PlyCount "54"]
[EventDate "2014.08.30"]
[EventType "team-tourn"]
[EventRounds "11"]
[EventCountry "SRB"]
[SourceTitle "CBM 162 Extra"]
[Source "ChessBase"]
[SourceDate "2014.10.17"]
[SourceVersion "1"]
[SourceVersionDate "2014.10.17"]
[SourceQuality "1"]
[WhiteTeam "Novi Sad DDOR"]
[BlackTeam "Smederevska Palanka"]
[WhiteTeamCountry "SRB"]
[BlackTeamCountry "SRB"]

1. d4 Nf6 2. c4 e6 3. Nf3 d5 4. g3 Bb4+ 5. Bd2 Be7 6. Bg2 0-0 7. 0-0 c6 8. Qc2 Nbd7 9. Rd1 a5 10. Bf4 b5 11. c5 Nh5 12. e3 Bb7 13. Nbd2 g5 14. Bd6 Bxd6 15. cxd6 f5 16. Nb3 Nb8 17. Nc5 Bc8 18. d7 Bxd7 19. Nxd7 Qxd7 20. Nxg5 Nf6 21. Rac1 Ra6 22. a4 b4 23. Bf1 Ra7 24. Bd3 Qe7 25. Qe2 Rc8 26. f4 Nbd7 27. Nf3 c5 1/2-1/2

[Event "SRB Central-ch op-A 7th"]
[Site "Paracin"]
[Date "2014.07.08"]
[Round "5"]
[White "Brankovic, Dejan"]
[Black "Vojinovic, Goran"]
[Result "1/2-1/2"]
[WhiteElo "2344"]
[BlackElo "2460"]
[PlyCount "83"]
[EventDate "2014.07.04"]
[EventType "swiss"]
[EventRounds "9"]
[EventCountry "SRB"]
[SourceTitle "CBM 161 Extra"]
[Source "ChessBase"]
[SourceDate "2014.08.29"]
[SourceVersion "1"]
[SourceVersionDate "2014.08.29"]
[SourceQuality "1"]

1. e4 e5 2. Nf3 Nc6 3. d4 exd4 4. Nxd4 Bc5 5. Be3 Qf6 6. c3 Qg6 7. Qf3 Ne5 8. Qf4 Bd6 9. Qg5 Qxg5 10. Bxg5 Be7 11. Bxe7 Nxe7 12. f4 N5c6 13. Nd2 d6 14. Nb5 Kd8 15. 0-0-0 Bg4 16. Re1 Re8 17. Re3 Be6 18. Be2 f6 19. Rg3 Rg8 20. Nd4 Bf7 21. a3 Nxd4 22. cxd4 f5 23. Bd3 g6 24. Nf3 fxe4 25. Bxe4 Bd5 26. Re1 Kd7 27. Ng5 Bxe4 28. Rxe4 h6 29. Nf7 Nf5 30. Rh3 h5 31. Rb3 b6 32. d5 Rge8 33. Ng5 Re7 34. Ne6 Rc8 35. Rc3 c5 36. dxc6+ Rxc6 37. Nf8+ Kc7 38. Rxe7+ Nxe7 39. Ne6+ Kd7 40. Nf8+ Kc7 41. Ne6+ Kd7 42. Nf8+ 1/2-1/2

[Event "SRB Central-ch op-A 7th"]
[Site "Paracin"]
[Date "2014.07.08"]
[Round "6"]
[White "Vojinovic, Goran"]
[Black "Nakhbayeva, Guliskhan"]
[Result "1/2-1/2"]
[WhiteElo "2460"]
[BlackElo "2300"]
[PlyCount "120"]
[EventDate "2014.07.04"]
[EventType "swiss"]
[EventRounds "9"]
[EventCountry "SRB"]
[SourceTitle "CBM 161 Extra"]
[Source "ChessBase"]
[SourceDate "2014.08.29"]
[SourceVersion "1"]
[SourceVersionDate "2014.08.29"]
[SourceQuality "1"]

1. e4 e6 2. d4 d5 3. Nc3 Nf6 4. exd5 exd5 5. Bd3 c5 6. dxc5 Bxc5 7. Nf3 0-0 8. 0-0 Nc6 9. h3 h6 10. Bf4 Be6 11. a3 Re8 12. Qd2 a6 13. Rfe1 d4 14. Ne4 Nxe4 15. Rxe4 Qf6 16. Rae1 Red8 17. Ne5 Bf5 18. Ng4 Bxg4 19. hxg4 g5 20. Be5 Nxe5 21. Rxe5 Bf8 22. Bc4 Qc6 23. Qd3 Rd7 24. Bb3 b5 25. Qf5 Raa7 26. Re6 Rd6 27. Re7 Rxe7 28. Rxe7 Rf6 29. Rxf7 Rxf5 30. Rf6+ Kg7 31. Rxc6 Rf6 32. Rc7+ Kg6 33. Bd5 Rd6 34. Be4+ Kf6 35. Kf1 Ke5 36. f3 Rb6 37. b4 Bd6 38. Rc6 Rxc6 39. Bxc6 Bc7 40. Bb7 a5 41. bxa5 Bxa5 42. Ba6 b4 43. a4 d3 44. Bxd3 Kd4 45. Ke2 Bc7 46. Bg6 Ba5 47. Bf7 Bc7 48. Bb3 Bb6 49. Bg8 Ba5 50. Bh7 Bc7 51. Bg6 Ba5 52. g3 Bc7 53. Kf2 Kc4 54. Bf7+ Kc3 55. Bb3 Kd4 56. Bf7 Kc3 57. Bg6 Kc4 58. Bd3+ Kd4 59. Bh7 Kc4 60. Ke1 Kc5 1/2-1/2

[Event "SRB-chT"]
[Site "Kragujevac"]
[Date "2013.08.29"]
[Round "6.1"]
[White "Vojinovic, Goran"]
[Black "Lukovic, Vladimir"]
[Result "1/2-1/2"]
[WhiteElo "2454"]
[BlackElo "2346"]
[PlyCount "119"]
[EventDate "2013.08.24"]
[EventType "team-tourn"]
[EventRounds "11"]
[EventCountry "SRB"]
[SourceTitle "CBM 156 Extra"]
[Source "ChessBase"]
[SourceDate "2013.10.22"]
[SourceVersion "1"]
[SourceVersionDate "2013.10.22"]
[SourceQuality "1"]
[WhiteTeam "Sveti Nikolaj Srpski"]
[BlackTeam "Belgrade Delfin"]
[WhiteTeamCountry "SRB"]
[BlackTeamCountry "SRB"]

1. Nf3 d5 2. g3 Nf6 3. Bg2 g6 4. 0-0 Bg7 5. d3 0-0 6. Nc3 d4 7. Na4 Nc6 8. Bd2 e5 9. a3 Re8 10. b4 a6 11. c4 e4 12. Ng5 exd3 13. exd3 Ne5 14. Bf4 h6 15. Bxe5 Rxe5 16. Nf3 Bg4 17. h3 Bxf3 18. Qxf3 c6 19. Rfe1 Nd7 20. Rxe5 Nxe5 21. Qe4 Qc7 22. c5 f5 23. Qe2 Qf7 24. f4 Nc4 25. Qa2 Ne3 26. Qxf7+ Kxf7 27. Nb6 Re8 28. Bf3 Nc2 29. Ra2 Re3 30. Kf2 Ne1 31. Be2 Nxd3+ 32. Bxd3 Rxd3 33. Nc4 Bf6 34. Nd6+ Ke6 35. Re2+ Kd7 36. Nc4 h5 37. Nb6+ Kd8 38. Re6 Be7 39. Rxg6 Ke8 40. Nc8 Bf8 41. Nd6+ Bxd6 42. Rxd6 h4 43. gxh4 Rxa3 44. h5 Rxh3 45. h6 d3 46. Rg6 Rh2+ 47. Ke1 Kf7 48. Rd6 Ke7 49. Rg6 Rh4 50. Kd2 Rxf4 51. Rg7+ Ke6 52. Rxb7 Rh4 53. Rb6 Kd5 54. Kxd3 Rh3+ 55. Ke2 a5 56. bxa5 Kxc5 57. Rb8 Rxh6 58. Rb1 Rh2+ 59. Kd3 Rh3+ 60. Kd2 1/2-1/2

[Event "SRB-chT"]
[Site "Kragujevac"]
[Date "2013.08.26"]
[Round "3.5"]
[White "Vojinovic, Goran"]
[Black "Pavlovic, Goran"]
[Result "1/2-1/2"]
[WhiteElo "2454"]
[BlackElo "2378"]
[PlyCount "65"]
[EventDate "2013.08.24"]
[EventType "team-tourn"]
[EventRounds "11"]
[EventCountry "SRB"]
[SourceTitle "CBM 156 Extra"]
[Source "ChessBase"]
[SourceDate "2013.10.22"]
[SourceVersion "1"]
[SourceVersionDate "2013.10.22"]
[SourceQuality "1"]
[WhiteTeam "Sveti Nikolaj Srpski"]
[BlackTeam "Kragujevac Radnicki"]
[WhiteTeamCountry "SRB"]
[BlackTeamCountry "SRB"]

1. d4 d5 2. c4 c6 3. e3 Nf6 4. Nc3 g6 5. Nf3 Bg7 6. Be2 0-0 7. 0-0 dxc4 8. Bxc4 b5 9. Be2 Bb7 10. Bd2 Nbd7 11. b4 Qb8 12. Qb3 e5 13. Rfd1 exd4 14. exd4 Qd6 15. g3 Nb6 16. Bf4 Qd8 17. Be5 Bc8 18. Bxf6 Bxf6 19. Ne5 Be6 20. Qb2 Rc8 21. Bf3 Nc4 22. Qe2 Bxe5 23. dxe5 Qg5 24. Re1 Rfd8 25. Bg2 Rd2 26. Ne4 Rxe2 27. Nxg5 Rxe5 28. Rxe5 Nxe5 29. Nxe6 fxe6 30. Rd1 c5 31. Bh3 Nf3+ 32. Kg2 Ng5 33. bxc5 1/2-1/2

[Event "Skopje Karposh op"]
[Site "Skopje"]
[Date "2012.04.14"]
[Round "9"]
[White "Vojinovic, Goran"]
[Black "Chatalbashev, Boris"]
[Result "0-1"]
[WhiteElo "2429"]
[BlackElo "2570"]
[PlyCount "64"]
[EventDate "2012.04.07"]
[EventType "swiss"]
[EventRounds "9"]
[EventCountry "MKD"]
[SourceTitle "CBM 147 Extra"]
[Source "ChessBase"]
[SourceDate "2012.04.24"]
[SourceVersion "1"]
[SourceVersionDate "2012.04.24"]
[SourceQuality "1"]

1. d4 Nf6 2. c4 g6 3. Nc3 d5 4. Nf3 Bg7 5. e3 0-0 6. Qb3 e6 7. Bd2 b6 8. Be2 Bb7 9. cxd5 exd5 10. 0-0 Nbd7 11. Rfd1 Re8 12. Bf1 c6 13. Rac1 Qe7 14. Be1 Rad8 15. a3 Ne4 16. Na2 a5 17. Qc2 Qd6 18. Qb1 a4 19. Qc2 Ra8 20. Nc3 Nxc3 21. Bxc3 Qe6 22. Ne1 Nf6 23. Nd3 Ne4 24. Be1 Rec8 25. b4 Nd6 26. Nb2 Ba6 27. Nxa4 Bxf1 28. Kxf1 Nc4 29. Ra1 c5 30. Qb3 cxd4 31. exd4 Re8 32. Nc3 Qxe1+ 0-1

[Event "Skopje Karposh op"]
[Site "Skopje"]
[Date "2012.04.13"]
[Round "8"]
[White "Vojinovic, Goran"]
[Black "Sedlak, Nikola"]
[Result "1-0"]
[WhiteElo "2429"]
[BlackElo "2593"]
[PlyCount "61"]
[EventDate "2012.04.07"]
[EventType "swiss"]
[EventRounds "9"]
[EventCountry "MKD"]
[SourceTitle "CBM 147 Extra"]
[Source "ChessBase"]
[SourceDate "2012.04.24"]
[SourceVersion "1"]
[SourceVersionDate "2012.04.24"]
[SourceQuality "1"]

1. d4 Nf6 2. Nf3 g6 3. c4 Bg7 4. Nc3 d5 5. e3 0-0 6. Qb3 e6 7. Bd2 b6 8. cxd5 exd5 9. Be2 c5 10. 0-0 Nc6 11. Rfd1 c4 12. Qa3 Rb8 13. Ne5 Nxe5 14. dxe5 Ng4 15. Be1 Bxe5 16. Bxg4 Bxg4 17. Rxd5 Qe8 18. f3 Bd7 19. Ne4 f5 20. Rxe5 Qxe5 21. Bg3 Qe6 22. Ng5 Qf6 23. Bxb8 Rxb8 24. Rd1 Qxg5 25. Rxd7 Rd8 26. f4 Qh4 27. g3 Qf6 28. Qc3 Rf8 29. Qxc4+ Kh8 30. Qd4 Qxd4 31. exd4 1-0

[Event "Skopje Karposh op"]
[Site "Skopje"]
[Date "2012.04.12"]
[Round "7"]
[White "Arat, Ufuk Sezen"]
[Black "Vojinovic, Goran"]
[Result "0-1"]
[WhiteElo "2089"]
[BlackElo "2429"]
[PlyCount "86"]
[EventDate "2012.04.07"]
[EventType "swiss"]
[EventRounds "9"]
[EventCountry "MKD"]
[SourceTitle "CBM 147 Extra"]
[Source "ChessBase"]
[SourceDate "2012.04.24"]
[SourceVersion "1"]
[SourceVersionDate "2012.04.24"]
[SourceQuality "1"]

1. e4 e6 2. d3 d5 3. Nd2 Nf6 4. Ngf3 Nc6 5. g3 dxe4 6. dxe4 Bc5 7. Bg2 0-0 8. 0-0 e5 9. c3 a5 10. Qc2 b6 11. Nb3 Bd6 12. h3 h6 13. Be3 Be6 14. Nh4 Re8 15. f4 Bd7 16. f5 a4 17. Nd2 Qe7 18. Nc4 Bc5 19. Qf2 Na5 20. Bxc5 Qxc5 21. Qxc5 bxc5 22. Ne3 Bc6 23. Nd5 Bxd5 24. exd5 Rab8 25. b4 axb3 26. axb3 Nxb3 27. Ra7 e4 28. Re1 Rbc8 29. Bf1 Red8 30. Rd1 e3 31. Ng2 Nd2 32. Nxe3 Nde4 33. c4 Nxg3 34. Bg2 Re8 35. Nf1 Nxf5 36. Rb1 Nd6 37. Nd2 Re2 38. Nb3 Nfe4 39. Bf1 Re3 40. Na5 Nd2 41. Rc1 Nxf1 42. Kxf1 Rxh3 43. Nc6 Rh1+ 0-1

[Event "USA tt"]
[Site "ICC INT"]
[Date "2011.09.28"]
[Round "5"]
[White "Vojinovic, Goran"]
[Black "Gurevich, Dmitry"]
[Result "0-1"]
[WhiteElo "2435"]
[BlackElo "2480"]
[PlyCount "58"]
[EventDate "2011.08.29"]
[EventType "team-tourn"]
[EventRounds "10"]
[EventCountry "USA"]
[SourceTitle "CBM 144 Extra"]
[Source "ChessBase"]
[SourceDate "2011.10.28"]
[SourceVersion "1"]
[SourceVersionDate "2011.10.28"]
[SourceQuality "1"]
[WhiteTeam "St Louis"]
[BlackTeam "Chicago"]
[WhiteTeamCountry "USA"]
[BlackTeamCountry "USA"]

1. d4 Nf6 2. Nf3 e6 3. c4 d5 4. Nc3 Be7 5. Bg5 h6 6. Bh4 0-0 7. e3 b6 8. Rc1 Bb7 9. Bxf6 Bxf6 10. cxd5 exd5 11. Be2 Qe7 12. 0-0 Rd8 13. Rc2 c5 14. Rd2 Nd7 15. Qb1 a6 16. Qf5 Qe6 17. Qf4 b5 18. e4 dxe4 19. d5 Bxd5 20. Nxd5 exf3 21. Qxf3 Rac8 22. Rfd1 Bd4 23. Qf5 Re8 24. Bd3 g6 25. Qxe6 Rxe6 26. Nf4 Rd6 27. Kf1 Be5 28. Bxb5 Rxd2 29. Rxd2 axb5 0-1

[Event "SRB-chT"]
[Site "Valjevo"]
[Date "2011.09.05"]
[Round "10.1"]
[White "Vojinovic, Goran"]
[Black "Toth, Aleksandar"]
[Result "1/2-1/2"]
[WhiteElo "2435"]
[BlackElo "2315"]
[PlyCount "88"]
[EventDate "2011.08.27"]
[EventType "team-tourn"]
[EventRounds "11"]
[EventCountry "SRB"]
[SourceTitle "CBM 144 Extra"]
[Source "ChessBase"]
[SourceDate "2011.10.28"]
[SourceVersion "1"]
[SourceVersionDate "2011.10.28"]
[SourceQuality "1"]
[WhiteTeam "Nis"]
[BlackTeam "Pozega"]
[WhiteTeamCountry "SRB"]
[BlackTeamCountry "SRB"]

1. Nf3 d5 2. g3 c6 3. Bg2 Bg4 4. 0-0 Nd7 5. d3 e5 6. c4 dxc4 7. dxc4 Ngf6 8. Nc3 Be7 9. Qc2 h6 10. b3 0-0 11. Bb2 Qc7 12. Nh4 Rfe8 13. Rad1 Rad8 14. h3 Be6 15. Nf5 Bf8 16. g4 a5 17. Na4 Bxf5 18. Qxf5 e4 19. Bc1 Bd6 20. Rxd6 Qxd6 21. Qxa5 Ra8 22. Qf5 Qe5 23. Qxe5 Nxe5 24. Nc3 Ng6 25. a4 Nh4 26. Bh1 g5 27. Be3 Rad8 28. a5 Ng6 29. Rb1 Nf8 30. Bb6 Ra8 31. b4 N8d7 32. Bd4 Kh7 33. Na4 Kg6 34. Rd1 Ne5 35. Rc1 Rad8 36. Be3 Ned7 37. Nc3 Nb8 38. Kf1 Re5 39. Ke1 h5 40. gxh5+ Kxh5 41. Bb6 Rd7 42. e3 Na6 43. Rb1 c5 44. bxc5 Nxc5 1/2-1/2

[Event "SRB-chT"]
[Site "Valjevo"]
[Date "2011.09.04"]
[Round "9.5"]
[White "Vojinovic, Goran"]
[Black "Roganovic, Milos"]
[Result "1/2-1/2"]
[WhiteElo "2435"]
[BlackElo "2476"]
[PlyCount "98"]
[EventDate "2011.08.27"]
[EventType "team-tourn"]
[EventRounds "11"]
[EventCountry "SRB"]
[SourceTitle "CBM 144 Extra"]
[Source "ChessBase"]
[SourceDate "2011.10.28"]
[SourceVersion "1"]
[SourceVersionDate "2011.10.28"]
[SourceQuality "1"]
[WhiteTeam "Nis"]
[BlackTeam "Kragujevac Vodovod"]
[WhiteTeamCountry "SRB"]
[BlackTeamCountry "SRB"]

1. e4 c5 2. Nf3 Nc6 3. Bb5 g6 4. c3 a6 5. Ba4 b5 6. Bc2 d5 7. 0-0 Bg7 8. Re1 dxe4 9. Bxe4 Bb7 10. d4 Nf6 11. Bxc6+ Bxc6 12. dxc5 Qc7 13. Qd6 Qxd6 14. cxd6 e6 15. Ne5 Rc8 16. a4 bxa4 17. Nd2 0-0 18. Ndc4 Bb5 19. Nb6 Rb8 20. Be3 Nd5 21. Nxd5 exd5 22. Bc5 Rfe8 23. f4 Rbd8 24. Rad1 f6 25. Ng4 Be2 26. d7 Rxd7 27. Rd2 Rc8 28. Rdxe2 Rxc5 29. Re6 f5 30. Nf6+ Bxf6 31. Rxf6 a5 32. Ra6 Rb5 33. Re2 Rdb7 34. h3 Rxb2 35. Rxb2 Rxb2 36. Rxa5 d4 37. cxd4 Rb4 38. d5 Rxf4 39. Ra7 Rd4 40. d6 Rxd6 41. Rxa4 Rd3 42. Kf2 Kf7 43. h4 Kf6 44. g3 h6 45. Ra5 Rb3 46. Rc5 Rb2+ 47. Kf1 f4 48. gxf4 Rh2 49. h5 Rxh5 1/2-1/2

[Event "SRB-chT"]
[Site "Valjevo"]
[Date "2011.09.01"]
[Round "6.3"]
[White "Benkovic, Petar"]
[Black "Vojinovic, Goran"]
[Result "1/2-1/2"]
[WhiteElo "2423"]
[BlackElo "2435"]
[PlyCount "30"]
[EventDate "2011.08.27"]
[EventType "team-tourn"]
[EventRounds "11"]
[EventCountry "SRB"]
[SourceTitle "CBM 144 Extra"]
[Source "ChessBase"]
[SourceDate "2011.10.28"]
[SourceVersion "1"]
[SourceVersionDate "2011.10.28"]
[SourceQuality "1"]
[WhiteTeam "Belgrade Lasta"]
[BlackTeam "Nis"]
[WhiteTeamCountry "SRB"]
[BlackTeamCountry "SRB"]

1. d4 Nf6 2. c4 e6 3. Nf3 d5 4. Nc3 Nbd7 5. cxd5 exd5 6. Bg5 c6 7. e3 Be7 8. Bd3 0-0 9. Qc2 Re8 10. h3 Nf8 11. 0-0 Be6 12. Ne5 N6d7 13. Bxe7 Rxe7 14. Nf3 Re8 15. Bf5 a5 1/2-1/2

[Event "Skopje Karposh op"]
[Site "Skopje"]
[Date "2011.04.09"]
[Round "9"]
[White "Vojinovic, Goran"]
[Black "Smith, Bryan G"]
[Result "0-1"]
[WhiteElo "2448"]
[BlackElo "2466"]
[PlyCount "53"]
[EventDate "2011.04.02"]
[EventType "swiss"]
[EventRounds "9"]
[EventCountry "MKD"]
[SourceTitle "CBM 141 Extra"]
[Source "ChessBase"]
[SourceDate "2011.05.03"]
[SourceVersion "1"]
[SourceVersionDate "2011.05.03"]
[SourceQuality "1"]

1. d4 Nf6 2. Nf3 e6 3. c4 Bb4+ 4. Nbd2 0-0 5. a3 Be7 6. g3 b6 7. Bg2 Bb7 8. Qc2 c5 9. e4 cxd4 10. e5 Ng4 11. 0-0 Qc7 12. Re1 Bc5 13. Qd3 Nc6 14. Ng5 g6 15. f4 a5 16. Ndf3 d6 17. exd6 Bxd6 18. Ne4 Be7 19. b3 Rad8 20. Bb2 e5 21. Bh3 f5 22. Bxg4 fxg4 23. Nxe5 Nxe5 24. fxe5 Qxe5 25. Nf2 Qf6 26. Re2 Qc6 27. Kf1 0-1

[Event "Skopje Karposh op"]
[Site "Skopje"]
[Date "2011.04.04"]
[Round "4"]
[White "Stojcevski, Zoran"]
[Black "Vojinovic, Goran"]
[Result "0-1"]
[WhiteElo "2377"]
[BlackElo "2448"]
[PlyCount "76"]
[EventDate "2011.04.02"]
[EventType "swiss"]
[EventRounds "9"]
[EventCountry "MKD"]
[SourceTitle "CBM 141 Extra"]
[Source "ChessBase"]
[SourceDate "2011.05.03"]
[SourceVersion "1"]
[SourceVersionDate "2011.05.03"]
[SourceQuality "1"]

1. e4 e6 2. d4 d5 3. Nc3 Bb4 4. e5 b6 5. Bd2 Qd7 6. Nb5 Bf8 7. h4 Ba6 8. a4 c6 9. Na3 Bxf1 10. Kxf1 c5 11. c3 Nc6 12. Ne2 c4 13. h5 h6 14. Nc2 Na5 15. Ne3 Nb3 16. Ra2 Ne7 17. g4 Nc6 18. f4 Be7 19. Be1 0-0-0 20. Bh4 f6 21. Nc1 fxe5 22. fxe5 Bxh4 23. Rxh4 Rhf8+ 24. Kg1 Qf7 25. Rh2 Qf4 26. Qe1 Ncxd4 27. Nxb3 Nxb3 28. Ra3 Qf3 29. Rg2 Rf4 30. a5 b5 31. a6 Rdf8 32. Rg3 Qe4 33. Rxb3 cxb3 34. Qe2 Qb1+ 35. Kg2 Rf2+ 36. Qxf2 Rxf2+ 37. Kxf2 Qxb2+ 38. Kf3 Qc1 0-1